logo

Bir Sreshtho Munshi Abdur Rouf Library
Jhenaidah Cadet College

কম্পিউটার এ্যানাটমী : (Record no. 6169)

MARC details
000 -LEADER
fixed length control field 00854nam a2200229 a 4500
001 - CONTROL NUMBER
JCCL Control Number 6169
003 - CONTROL NUMBER IDENTIFIER
JCCL marc code BD-JhCC
005 - DATE AND TIME OF LATEST TRANSACTION
control field 20180122131350.0
008 - FIXED-LENGTH DATA ELEMENTS--GENERAL INFORMATION
fixed length control field 180115s19951998bena|||| ||a| 000 0 ben d
035 ## - SYSTEM CONTROL NUMBER
system control number (BD-JhCC)6169
040 ## - CATALOGING SOURCE
Original cataloging agency BD-JhCC
Modifying agency BD-JhCC
041 ## - LANGUAGE CODE
Language code of Book ben
082 ## - DEWEY DECIMAL CLASSIFICATION NUMBER
Classification number 001.64
Author mark and Year SAR 1998
100 ## - MAIN ENTRY--PERSONAL NAME
Personal name সরকার, মোঃআব্দুল মান্নান
245 ## - TITLE STATEMENT
Title কম্পিউটার এ্যানাটমী :
Remainder of title হার্ডওয়্যার এবং সফটওয়্যার /
Statement of responsibility, etc মোঃআব্দুল মান্নান সরকার,
260 ## - PUBLICATION, DISTRIBUTION, ETC. (IMPRINT)
Place of publication, distribution, etc ঢাকা :
Name of publisher, distributor, etc শিক্ষা মন্ত্রনালয়, বাংলাদেশ
Date of publication, distribution, etc 1998
300 ## - PHYSICAL DESCRIPTION
Pagination 509 p. :
Dimensions 24 cm.
650 ## - SUBJECT ADDED ENTRY--TOPICAL TERM
Topical term or geographic name as entry element Microcomputers
650 ## - SUBJECT ADDED ENTRY--TOPICAL TERM
Topical term or geographic name as entry element Minicomputers
942 ## - ADDED ENTRY ELEMENTS (KOHA)
Source of classification or shelving scheme Dewey Decimal Classification
Koha item type Books
Holdings
Source of classification or shelving scheme Damaged status Not for loan Home library Current library Shelving location Date of accession Cost, normal purchase price Total Checkouts Full call number Barcode Date last seen Copy number Koha item type Method of acquisition Currency
Dewey Decimal Classification     JCC Rouf Library JCC Rouf Library General Stacks 01/15/2018 200.00   001.64 SAR 1998 349 01/15/2018 C-1 Books    
Dewey Decimal Classification     JCC Rouf Library JCC Rouf Library General Stacks 01/15/2018 200.00   001.64 SAR 1998 350 01/15/2018 C-2 Books    
Dewey Decimal Classification     JCC Rouf Library JCC Rouf Library General Stacks 01/15/2018 145.00   001.64 SAR 1998 351 01/15/2018 C-3 Books    
Dewey Decimal Classification     JCC Rouf Library JCC Rouf Library General Stacks 01/15/2018 200.00   001.64 SAR 1998 345 01/15/2018 C-4 Books    
Dewey Decimal Classification     JCC Rouf Library JCC Rouf Library General Stacks 01/15/2018 200.00   001.64 SAR 1998 342 01/15/2018 C-5 Books    
Dewey Decimal Classification     JCC Rouf Library JCC Rouf Library General Stacks 01/15/2018 200.00   001.64 SAR 1998 343 01/15/2018 C-6 Books    
Dewey Decimal Classification     JCC Rouf Library JCC Rouf Library General Stacks 01/15/2018 200.00   001.64 SAR 1998 344 01/15/2018 C-7 Books    
Dewey Decimal Classification     JCC Rouf Library JCC Rouf Library General Stacks 01/15/2018 200.00   001.64 SAR 1998 348 01/15/2018 C-8 Books    
Dewey Decimal Classification     JCC Rouf Library JCC Rouf Library General Stacks 01/15/2018 200.00   001.64 SAR 1998 347 01/15/2018 C-9 Books    
Dewey Decimal Classification     JCC Rouf Library JCC Rouf Library General Stacks 01/15/2018 200.00   001.64 SAR 1998 341 01/15/2018 C-10 Books Purchase  
Dewey Decimal Classification     JCC Rouf Library JCC Rouf Library General Stacks   200.00   001.64 SAR 1998 346 01/22/2018 C-11 Books    

JCC Library | Contacts | JCC Home

Last Update on 23 September 2017
Copyright @ 2017-2020 JCC Rouf Library
Rouf Library, Jhenidah Cadet College (JCC), Bangladesh